Six chemicals that changed agriculture /

Six Chemicals That Changed Agriculture is a scientific look at how the chemicals used in today's food production were developed, evaluated, and came to be in wide-spread use. From fertilizers to pest management, antibiotics to DNA, chemicals have transformed the way our food is grown, protected...

Full description

Bibliographic Details
Main Author: Zimdahl, Robert L. (Author)
Corporate Author: ScienceDirect (Online service)
Format: eBook
Language:English
Published: Amsterdam : Academic Press, 2015.
Subjects:
Online Access:Connect to the full text of this electronic book

MARC

Tag First Indicator Second Indicator Subfields
LEADER 00000cam a2200000 i 4500
001 in00005759921
005 20260407210843.3
006 m o d
007 cr |||||||||||
008 150710s2015 ne ob 001 0 eng d
010 |a  2015937300 
019 |a 1066613012  |a 1088953055 
020 |a 9780128006177  |q (electronic bk.) 
020 |a 012800617X  |q (electronic bk.) 
020 |a 0128005610 
020 |a 9780128005613 
020 |z 9780128005613 
035 |a (OCoLC)931603736  |z (OCoLC)1066613012  |z (OCoLC)1088953055 
037 |a 9780128006177  |b Ingram Content Group 
040 |a NLE  |b eng  |e rda  |e pn  |c NLE  |d OCLCO  |d OPELS  |d OCLCQ  |d COO  |d OCLCF  |d OCLCQ  |d WYU  |d VT2  |d OCLCO  |d OCLCQ  |d OCLCO  |d SXB  |d OCLCQ  |d OCLCL  |d OCLCQ 
049 |a TXAM 
050 4 |a S585 
082 0 4 |a 630.24  |2 23 
100 1 |a Zimdahl, Robert L.,  |e author. 
245 1 0 |a Six chemicals that changed agriculture /  |c Robert L. Zimdahl. 
264 1 |a Amsterdam :  |b Academic Press,  |c 2015. 
300 |a 1 online resource 
336 |a text  |b txt  |2 rdacontent 
337 |a computer  |b c  |2 rdamedia 
338 |a online resource  |b cr  |2 rdacarrier 
588 0 |a CIP data; resource not viewed. 
520 |a Six Chemicals That Changed Agriculture is a scientific look at how the chemicals used in today's food production were developed, evaluated, and came to be in wide-spread use. From fertilizers to pest management, antibiotics to DNA, chemicals have transformed the way our food is grown, protected, and processed. Agriculture is the world's most important environment interaction, the essential human activity, and an increasingly controversial activity because of its use and presumed misuse of chemistry. The major characteristics of US agriculture for at least the last six decades have been rising productivity, declining number of mid-size farms, increasing farm size, an increasing percentage of farm production on fewer, large farms, increasing dependence of chemical technology and more developmental research being done by the agricultural chemical industry rather than by independent land-grant universities. Another equally important feature of modern agriculture is wide-spread suspicion of its technology by the public. The book will recount examples of this suspicion related to specific chemicals and present the essence of the suspicion and its results. 
500 |a Includes index. 
504 |a Includes bibliographical references at the end of each chapters and index. 
505 0 |a Introduction -- The characteristics of modern agriculture enabled by chemicals -- Lime : A soil amendment -- Nitrogen -- Phosphorus -- 2, 4-D : An herbicide -- DDT : An insecticide -- Recombinant DNA -- Antibiotics -- Conclusion. 
650 0 |a Agricultural chemicals. 
650 0 |a Agricultural chemistry  |x Public opinion. 
650 6 |a Produits chimiques agricoles. 
650 6 |a Chimie agricole  |x Opinion publique. 
650 7 |a Agricultural chemicals  |2 fast 
655 7 |a Electronic books.  |2 local 
710 2 |a ScienceDirect (Online service) 
776 0 8 |i Print version:  |a Zimdahl, Robert L.  |t Six chemicals that changed agriculture.  |d Amsterdam, [Netherlands] : Academic Press, ©2015  |h xi, 197 pages  |z 9780128005613 
856 4 0 |u http://proxy.library.tamu.edu/login?url=https://www.sciencedirect.com/science/book/9780128005613  |z Connect to the full text of this electronic book  |t 0 
936 |a BATCHLOAD 
955 |a Elsevier ScienceDirect 2026-2027 
994 |a 92  |b TXA 
999 f f |s 2099d216-b481-44db-b871-c30a92010ee8  |i 5e184564-e17d-4b1d-a678-6c3840075976  |t 0 
952 f f |a Texas A&M University  |b College Station  |c Electronic Resources  |s www_evans  |d Available Online  |t 0  |e S585   |h Library of Congress classification 
998 f f |a S585   |t 0  |l Available Online